[Event "Politiken Cup 2008"]
[Site "Helsingør DEN"]
[Date "2008.07.20"]
[Round "3.111"]
[White "Fjellengen, Baard"]
[Black "Johansen, Anders Sten"]
[Result "1/2-1/2"]
[WhiteElo "1900"]
[BlackElo "1615"]
[PlyCount "48"]
[EventDate "2008.07.20"]
[EventType "swiss"]
[EventRounds "9"]
[EventCountry "DEN"]
[Source "lmi"]
[SourceDate "2008.07.20"]
[WhiteTeam "Sarpsborg"]
[BlackTeam "Follo"]

1. c4 e5 2. Nc3 Nc6 3. e4 g6 4. Nf3 Bg7 5. d3 d6 6. Be3 f5 7. g3 Nf6 8. Bg2 O-O
9. Qd2 Bd7 10. Bh6 Qe7 11. Bxg7 Qxg7 12. Rc1 fxe4 13. Nxe4 Nxe4 14. dxe4 Bg4
15. Qe3 Bxf3 16. Bxf3 Nd4 17. Bg2 c5 18. O-O g5 19. f3 Rf6 20. Rf2 Raf8 21.
Rcf1 h6 22. Kh1 Qf7 23. b3 Kh8 24. Kg1 Kg8 1/2-1/2

[Event "Politiken Cup 2008"]
[Site "Helsingør DEN"]
[Date "2008.07.20"]
[Round "3.112"]
[White "Hansen, Henrik Damgaard"]
[Black "Botheim, Erik"]
[Result "1-0"]
[WhiteElo "1893"]
[BlackElo "1000"]
[PlyCount "47"]
[EventDate "2008.07.20"]
[EventType "swiss"]
[EventRounds "9"]
[EventCountry "DEN"]
[Source "lmi"]
[SourceDate "2008.07.20"]
[WhiteTeam "Hillerød"]
[BlackTeam "1911"]

1. e4 c5 2. c3 e6 3. d4 Nf6 4. e5 Nd5 5. Nf3 Be7 6. Be2 O-O 7. O-O Nc6 8. c4
Nc7 9. d5 exd5 10. cxd5 Nxe5 11. Nxe5 d6 12. Nc4 b5 13. Ne3 Bb7 14. Bf3 Bf6 15.
Re1 Re8 16. Nc3 b4 17. Ne4 Bd4 18. Nf5 Bxd5 19. Nxd4 cxd4 20. Bf4 Bxe4 21. Rxe4
d5 22. Rxe8+ Nxe8 23. Qxd4 Nf6 24. Qxb4 1-0

[Event "Politiken Cup 2008"]
[Site "Helsingør DEN"]
[Date "2008.07.20"]
[Round "3.113"]
[White "Salomonsen, Sixten"]
[Black "Zmylon, Frederik Nielsen"]
[Result "1-0"]
[WhiteElo "1868"]
[BlackElo "1252"]
[PlyCount "131"]
[EventDate "2008.07.20"]
[EventType "swiss"]
[EventRounds "9"]
[EventCountry "DEN"]
[Source "lmi"]
[SourceDate "2008.07.20"]
[WhiteTeam "HG Schack Helsingborg"]
[BlackTeam "Taastrup"]

1. e4 c5 2. Nc3 Nc6 3. g3 d6 4. Bg2 Nf6 5. d3 g6 6. f4 Bg4 7. Nf3 Bg7 8. h3
Bxf3 9. Qxf3 Nd4 10. Qd1 Nd7 11. O-O Qb6 12. Nd5 Qd8 13. c3 Nc6 14. Ne3 Rc8 15.
Bd2 O-O 16. Qe2 Nf6 17. g4 b5 18. Bf3 b4 19. g5 Nd7 20. Rfc1 a5 21. h4 a4 22.
Ng4 a3 23. bxa3 bxc3 24. Bxc3 Bxc3 25. Rxc3 Qa5 26. Rac1 Nd4 27. Qd1 Nxf3+ 28.
Qxf3 Rb8 29. Ne3 Rb2 30. Nc4 Qb5 31. Nxb2 Qxb2 32. R1c2 Qb1+ 33. Qf1 Rb8 34.
Qxb1 Rxb1+ 35. Kg2 f6 36. Rb3 Rd1 37. a4 fxg5 38. hxg5 e5 39. f5 gxf5 40. exf5
c4 41. dxc4 Nc5 42. Ra3 Nd3 43. a5 Ne1+ 44. Kf2 Nxc2 45. Rc3 Rd2+ 46. Kf3 Nd4+
47. Ke4 Kf7 48. c5 Ne2 49. Ra3 Rd4+ 50. Kf3 Ng1+ 51. Ke3 dxc5 52. a6 Rd8 53. a7
Ra8 54. Kf2 Rg8 55. a8=Q Nh3+ 56. Ke3 Rxa8 57. Rxa8 Nxg5 58. Rc8 Kf6 59. a4 Nf7
60. Rf8 Ke7 61. Rxf7+ Kxf7 62. a5 Kf6 63. a6 Kxf5 64. a7 h5 65. a8=Q h4 66.
Qe4+ 1-0

[Event "Politiken Cup 2008"]
[Site "Helsingør DEN"]
[Date "2008.07.20"]
[Round "3.114"]
[White "Torkilseng, Runar"]
[Black "Kaaber, Jacob"]
[Result "0-1"]
[WhiteElo "1488"]
[BlackElo "2206"]
[PlyCount "38"]
[EventDate "2008.07.20"]
[EventType "swiss"]
[EventRounds "9"]
[EventCountry "DEN"]
[Source "lmi"]
[SourceDate "2008.07.20"]
[WhiteTeam "Direkt medlem"]
[BlackTeam "Køge"]

1. b3 e5 2. Bb2 Nc6 3. e3 d5 4. Bb5 Bd6 5. c4 dxc4 6. Bxc4 Qg5 7. Nf3 Qg6 8.
Bb5 Bd7 9. Nc3 a6 10. Bxc6 Bxc6 11. O-O Nf6 12. Nh4 Qg5 13. g3 e4 14. a4 Rd8
15. Ne2 Ng4 16. h3 Ne5 17. Bxe5 Bxe5 18. Rc1 Bd7 19. Kh2 Qxh4 0-1

[Event "Politiken Cup 2008"]
[Site "Helsingør DEN"]
[Date "2008.07.20"]
[Round "3.115"]
[White "Abrahamsson, Daniel"]
[Black "Næsborg, Jens Olav"]
[Result "1-0"]
[WhiteElo "2040"]
[BlackElo "1668"]
[PlyCount "55"]
[EventDate "2008.07.20"]
[EventType "swiss"]
[EventRounds "9"]
[EventCountry "DEN"]
[Source "lmi"]
[SourceDate "2008.07.20"]
[WhiteTeam "Limhamns SK"]
[BlackTeam "Torshavn"]

1. e4 d5 2. exd5 Nf6 3. Nc3 Nxd5 4. Nf3 Nxc3 5. bxc3 g6 6. Bc4 e6 7. d4 c6 8.
O-O Bg7 9. Ba3 Qa5 10. Bb4 Qc7 11. Re1 b5 12. Bd3 Nd7 13. Ng5 Nf6 14. Qf3 h6
15. Ne4 Nxe4 16. Bxe4 Bb7 17. Bc5 Bf8 18. Qf6 Rg8 19. Bxg6 Bc8 20. Bh7 Rg7 21.
Bxf8 Rxh7 22. Bc5 Qd8 23. Qf4 Bd7 24. Re3 Rg7 25. Qd6 Rg8 26. Rg3 Rh8 27. Qe5
Rf8 28. Qg7 1-0

[Event "Politiken Cup 2008"]
[Site "Helsingør DEN"]
[Date "2008.07.20"]
[Round "3.116"]
[White "Linnemann, Lars"]
[Black "Klein, Gernot Dr"]
[Result "0-1"]
[WhiteElo "1626"]
[BlackElo "2011"]
[PlyCount "136"]
[EventDate "2008.07.20"]
[EventType "swiss"]
[EventRounds "9"]
[EventCountry "DEN"]
[Source "lmi"]
[SourceDate "2008.07.20"]
[WhiteTeam "Øbro"]
[BlackTeam "Post Telekom Aachen"]

1. d4 d5 2. Nf3 c6 3. Nc3 Bf5 4. Bf4 Qb6 5. Rb1 Nf6 6. e3 e6 7. a3 Nbd7 8. Nh4
Bg4 9. Qd2 Ne4 10. Nxe4 dxe4 11. h3 Bh5 12. g4 Be7 13. gxh5 Bxh4 14. Rg1 Rg8
15. Qb4 Qxb4+ 16. axb4 Be7 17. c3 Nf6 18. Be2 Nd5 19. Bg5 Bxg5 20. Rxg5 h6 21.
Rg3 a5 22. b5 Ke7 23. Kd2 f5 24. Rg6 Kf7 25. bxc6 bxc6 26. Bc4 a4 27. Ra1 Nf6
28. Kc2 Ra7 29. Be2 Nd5 30. Bc4 Nf6 31. Kd2 Re8 32. Be2 Rea8 33. Ra3 Ra5 34.
Rg1 Nd5 35. c4 Nf6 36. Rga1 f4 37. exf4 Nxh5 38. Bxh5+ Rxh5 39. Rg3 Kf6 40. b4
Ra7 41. Raa3 Kf5 42. Ke3 Rh4 43. b5 cxb5 44. cxb5 Rb7 45. Rxa4 Rxb5 46. Ra3
Rxf4 47. Rc3 g5 48. Rc5+ Rxc5 49. dxc5 Ke5 50. Kd2 Rf8 51. Rc3 Kd4 52. Rc1 Rc8
53. c6 Rc7 54. Ke2 Kd5 55. Ke3 Rxc6 56. Rxc6 Kxc6 57. Kxe4 Kd6 58. Kd4 e5+ 59.
Ke4 Ke6 60. f3 Kf6 61. Kd3 Kf5 62. Ke3 h5 63. Kf2 Kf4 64. Kg2 Ke3 65. Kg3 h4+
66. Kg4 Kf2 67. Kf5 Kxf3 68. Kxe5 g4 0-1

[Event "Politiken Cup 2008"]
[Site "Helsingør DEN"]
[Date "2008.07.20"]
[Round "3.117"]
[White "Sondergaard, Thomas"]
[Black "Bernard, Leif"]
[Result "1-0"]
[WhiteElo "1998"]
[BlackElo "1643"]
[PlyCount "78"]
[EventDate "2008.07.20"]
[EventType "swiss"]
[EventRounds "9"]
[EventCountry "DEN"]
[Source "lmi"]
[SourceDate "2008.07.20"]
[WhiteTeam "Ålborg"]
[BlackTeam "Enkeltmedlem"]

1. e4 c5 2. f4 e5 3. d3 d6 4. Nf3 Nc6 5. Nc3 Bg4 6. h3 Bxf3 7. Qxf3 Nd4 8. Qf2
Nf6 9. g3 Be7 10. Bg2 Qd7 11. O-O h5 12. Nd5 Ne6 13. Kh2 Bd8 14. Be3 b6 15. a4
Nc7 16. c3 Ncxd5 17. exd5 Rc8 18. fxe5 dxe5 19. c4 Qd6 20. Kg1 Rb8 21. Rae1 Be7
22. Qf5 g6 23. Qf2 Rh7 24. Re2 Kd7 25. Rfe1 Re8 26. b3 Kc7 27. Bd2 Nd7 28. Bc3
Bf6 29. Re4 Bh8 30. Qb2 f6 31. Qf2 Rhe7 32. a5 f5 33. R4e2 Kb8 34. axb6 Nxb6
35. Ra2 Bg7 36. Qb2 Rb7 37. Ra5 Nd7 38. Rea1 Re7 39. Qa3 Bf8 1-0

[Event "Politiken Cup 2008"]
[Site "Helsingør DEN"]
[Date "2008.07.20"]
[Round "3.118"]
[White "Werner, Gert"]
[Black "Clausen, Hansjørgen"]
[Result "0-1"]
[WhiteElo "1952"]
[BlackElo "1617"]
[PlyCount "242"]
[EventDate "2008.07.20"]
[EventType "swiss"]
[EventRounds "9"]
[EventCountry "DEN"]
[Source "lmi"]
[SourceDate "2008.07.20"]
[WhiteTeam "KS"]
[BlackTeam "Gråsten"]

1. Nf3 b6 2. g3 Bb7 3. Bg2 e6 4. O-O Nf6 5. c4 d6 6. d4 Nbd7 7. Nc3 Be7 8. Re1
O-O 9. e4 e5 10. d5 a5 11. Nd2 Nc5 12. Nf1 Bc8 13. Ne3 Bd7 14. Nf5 Bxf5 15.
exf5 Re8 16. g4 Nfd7 17. Be3 Bg5 18. Qd2 Bxe3 19. Qxe3 Qh4 20. Qg3 Qxg3 21.
hxg3 h6 22. Re2 Nf6 23. f3 Re7 24. Re3 Rae8 25. Rae1 e4 26. Bf1 Kf8 27. Nb5
exf3 28. Rxe7 Rxe7 29. Rxe7 Kxe7 30. Kf2 Nxg4+ 31. Kxf3 Ne5+ 32. Ke3 Kd7 33.
Bh3 f6 34. b3 a4 35. Nd4 axb3 36. axb3 Ke7 37. Bf1 Na6 38. Be2 g6 39. fxg6 Nxg6
40. Nf5+ Kd8 41. Nxh6 Nc5 42. Bd1 Ne5 43. Bc2 Kc8 44. Ng8 Ncd7 45. Kf4 Kd8 46.
Bd1 Ke8 47. Nh6 Ke7 48. Bh5 Kf8 49. Nf5 Nd3+ 50. Ke3 N7e5 51. Nd4 Nc5 52. Be2
Ke7 53. Kf4 Kd7 54. Kf5 Ke7 55. b4 Na6 56. Nc2 Nb8 57. b5 Nbd7 58. Nb4 Nf7 59.
Na6 Kd8 60. Nb4 Nfe5 61. Ke6 Nc5+ 62. Kf5 Ncd7 63. g4 Ke7 64. Na6 Kd8 65. Ke6
Kc8 66. Ke7 Ng6+ 67. Kf7 Nf4 68. Bd1 Ng2 69. Nb4 Ne3 70. Be2 Ne5+ 71. Kxf6
N5xg4+ 72. Bxg4+ Nxg4+ 73. Ke6 Ne3 74. Nc2 Nxc4 75. Nd4 Nd2 76. Nf5 Ne4 77.
Ne7+ Kb7 78. Nc6 Nc3 79. Nd4 Kc8 80. Ke7 Nxd5+ 81. Ke6 Nc3 82. Ke7 Kb7 83. Kd7
Ne4 84. Nc6 Nc5+ 85. Ke7 d5 86. Nd8+ Kc8 87. Nc6 Nb3 88. Ke6 d4 89. Ne7+ Kb7
90. Kd5 d3 91. Nf5 d2 92. Ne3 Na1 93. Nd1 Nc2 94. Kc4 Ne1 95. Kd4 Kc8 96. Ke3
Nc2+ 97. Kxd2 Nd4 98. Nc3 Kd7 99. Kd3 Ne6 100. Kc4 Nc5 101. Kd5 Nd3 102. Ne4
Nf4+ 103. Ke5 Nd3+ 104. Kd5 Nb4+ 105. Kc4 Nc2 106. Kd5 Na3 107. Nc3 Nc2 108.
Ne4 Ne3+ 109. Kd4 Nf5+ 110. Ke5 Ne7 111. Nf6+ Kd8 112. Ke6 Nc8 113. Nd5 Na7
114. Nc3 Kc8 115. Kd5 Kd7 116. Ke5 c6 117. bxc6+ Kxc6 118. Kd4 Nb5+ 119. Kc4
Nxc3 120. Kxc3 Kc5 121. Kb3 Kb5 0-1

[Event "Politiken Cup 2008"]
[Site "Helsingør DEN"]
[Date "2008.07.20"]
[Round "3.120"]
[White "Benediktsson, Frimann"]
[Black "Olsen, Kirkegaard"]
[Result "1-0"]
[WhiteElo "1915"]
[BlackElo "1579"]
[PlyCount "102"]
[EventDate "2008.07.20"]
[EventType "swiss"]
[EventRounds "9"]
[EventCountry "DEN"]
[Source "lmi"]
[SourceDate "2008.07.20"]
[WhiteTeam "Taflfelag Rejkjavikur"]
[BlackTeam "Evans"]

1. d4 Nf6 2. c4 g6 3. Nc3 Bg7 4. e4 d6 5. Be2 O-O 6. Nf3 e5 7. O-O Nc6 8. d5
Ne7 9. b4 a5 10. bxa5 Rxa5 11. Nd2 Ne8 12. Nb3 Ra8 13. c5 dxc5 14. Nxc5 Nd6 15.
a4 b6 16. Nb3 b5 17. axb5 Rxa1 18. Nxa1 f5 19. f3 Bd7 20. Nb3 Qb8 21. Qd3 Qa7+
22. Be3 Qa3 23. Qc2 Qa8 24. Nc5 Bc8 25. Qa4 Qxa4 26. N3xa4 fxe4 27. fxe4 Rxf1+
28. Kxf1 Kf7 29. Nc3 Ne8 30. Ke1 Ng8 31. Kd2 Ngf6 32. Kd3 Bf8 33. h3 Nd6 34.
Kc2 Be7 35. Kb3 Nfe8 36. Nd3 Bf6 37. Bf2 Ke7 38. Bg3 Nf7 39. Bf2 Bg5 40. Nb4
Kf6 41. g4 Bd7 42. Nc6 Ned6 43. Bd3 Bd2 44. Nb4 Ng5 45. h4 Nh3 46. g5+ Kg7 47.
Bg3 Nf4 48. Kc2 Bxc3 49. Kxc3 Nxe4+ 50. Bxe4 Ne2+ 51. Kd3 Nxg3 1-0

[Event "Politiken Cup 2008"]
[Site "Helsingør DEN"]
[Date "2008.07.20"]
[Round "3.121"]
[White "Skov, Palle"]
[Black "Bendixen, Daniel"]
[Result "1-0"]
[WhiteElo "1910"]
[BlackElo "1523"]
[PlyCount "55"]
[EventDate "2008.07.20"]
[EventType "swiss"]
[EventRounds "9"]
[EventCountry "DEN"]
[Source "lmi"]
[SourceDate "2008.07.20"]
[WhiteTeam "Hillerød"]
[BlackTeam "Holbæk"]

1. Nf3 g6 2. d4 Bg7 3. e4 d6 4. Bc4 Bg4 5. Bxf7+ Kf8 6. Bb3 Nc6 7. Be3 e5 8. c3
Qf6 9. Nbd2 Bh6 10. Bxg8 Bxe3 11. fxe3 Rxg8 12. O-O Kg7 13. Qb3 Na5 14. Qa4 Nc6
15. Nxe5 Qg5 16. Rf7+ Kh6 17. Nxg4+ Qxg4 18. Qb5 Raf8 19. Raf1 Rxf7 20. Rxf7
Qd1+ 21. Nf1 Qb1 22. Qd5 Qxb2 23. h4 g5 24. Qe6+ Rg6 25. hxg5+ Kxg5 26. Qf5+
Kh6 27. Qh3+ Kg5 28. Rf5# 1-0

[Event "Politiken Cup 2008"]
[Site "Helsingør DEN"]
[Date "2008.07.20"]
[Round "3.122"]
[White "Christiansen, Niels Jørgen"]
[Black "Lynge, Torben"]
[Result "1-0"]
[WhiteElo "1450"]
[BlackElo "1864"]
[PlyCount "111"]
[EventDate "2008.07.20"]
[EventType "swiss"]
[EventRounds "9"]
[EventCountry "DEN"]
[Source "lmi"]
[SourceDate "2008.07.20"]
[WhiteTeam "Helsinge"]
[BlackTeam "LVS"]

1. d4 d5 2. Nf3 Nf6 3. Bf4 Bf5 4. c4 e6 5. e3 Nc6 6. a3 Be7 7. Nc3 a6 8. cxd5
Nxd5 9. Nxd5 exd5 10. Be2 O-O 11. O-O Rc8 12. Rc1 Na7 13. Qb3 b5 14. Ne5 c6 15.
Bd3 Be6 16. Qc2 h6 17. b4 Qb6 18. Bf5 Qd8 19. Bxe6 fxe6 20. Bxh6 Qe8 21. Bf4
Bd8 22. Qg6 Qxg6 23. Nxg6 Rf6 24. Ne5 Rf5 25. Bg3 Kh7 26. Nd7 a5 27. Nc5 axb4
28. axb4 Be7 29. Ra1 Bxc5 30. dxc5 Rf7 31. Ra3 Rd8 32. Rfa1 Rdd7 33. Ra6 d4 34.
exd4 Rxd4 35. Rb1 Rb7 36. h3 Rdd7 37. Bd6 Kg8 38. Rb3 Rf7 39. Raa3 Kh7 40. Rf3
Rxf3 41. Rxf3 Nc8 42. Re3 Nxd6 43. cxd6 Rd7 44. Rxe6 Kg8 45. f4 Kf7 46. f5 Kf8
47. Kf2 Kf7 48. Ke3 Ra7 49. Kd4 Ra2 50. Kc5 Rc2+ 51. Kb6 Rd2 52. Kxc6 Rd3 53.
Re5 Rc3+ 54. Kxb5 Rc8 55. d7 Ra8 56. Kb6 1-0

[Event "Politiken Cup 2008"]
[Site "Helsingør DEN"]
[Date "2008.07.20"]
[Round "3.123"]
[White "Moe, Pål"]
[Black "Hildenstein, Bernd"]
[Result "1-0"]
[WhiteElo "1431"]
[BlackElo "1856"]
[PlyCount "120"]
[EventDate "2008.07.20"]
[EventType "swiss"]
[EventRounds "9"]
[EventCountry "DEN"]
[Source "lmi"]
[SourceDate "2008.07.20"]
[WhiteTeam "OSS"]
[BlackTeam "SC Grunbach"]

1. e4 e5 2. Nf3 Nf6 3. d4 Nxe4 4. dxe5 Bc5 5. Be3 Bxe3 6. fxe3 Qe7 7. Qd4 Nc5
8. b4 Ne6 9. Qe4 Nc6 10. a3 Ng5 11. Nxg5 Qxg5 12. Bb5 Qxe5 13. Bxc6 Qxe4 14.
Bxe4 O-O 15. Bf3 c6 16. e4 Re8 17. Kf2 a5 18. Nc3 d6 19. Rhd1 Be6 20. b5 Red8
21. Rd2 Rd7 22. bxc6 bxc6 23. Rb1 Kf8 24. Rb6 Rc8 25. Ra6 Ke7 26. Rxa5 Rb7 27.
Ra4 Rb2 28. Rb4 Rxb4 29. axb4 Rb8 30. Rd4 Ra8 31. Ke2 Ra3 32. Kd2 g6 33. b5
cxb5 34. Nxb5 Ra6 35. Nc7 Ra2 36. Nd5+ Kf8 37. Nf6 Ke7 38. Nd5+ Kf8 39. h3 Ra3
40. Rb4 Bxh3 41. Rb6 Be6 42. Rxd6 h5 43. Rd8+ Kg7 44. Nc7 h4 45. Ra8 Rxa8 46.
Nxa8 g5 47. Nc7 Bd7 48. e5 g4 49. Be4 Kh6 50. Ke3 Kg5 51. c4 h3 52. gxh3 gxh3
53. c5 Kg4 54. c6 Bc8 55. Nd5 Kg3 56. Ne7 Be6 57. c7 h2 58. c8=Q Bxc8 59. Nxc8
Kg4 60. Nd6 Kg5 1-0

[Event "Politiken Cup 2008"]
[Site "Helsingør DEN"]
[Date "2008.07.20"]
[Round "3.124"]
[White "Dam, Vagnur"]
[Black "Meier, Lars"]
[Result "0-1"]
[WhiteElo "1396"]
[BlackElo "1844"]
[PlyCount "42"]
[EventDate "2008.07.20"]
[EventType "swiss"]
[EventRounds "9"]
[EventCountry "DEN"]
[Source "lmi"]
[SourceDate "2008.07.20"]
[WhiteTeam "Rokur"]
[BlackTeam "SK Grundau"]

1. d4 c5 2. e4 cxd4 3. c3 dxc3 4. Nxc3 e6 5. Bc4 Bb4 6. Bd2 a6 7. a3 Ba5 8. Nf3
Ne7 9. b4 Bc7 10. O-O O-O 11. Nh4 d5 12. exd5 Nxd5 13. Nf3 Nc6 14. Nxd5 exd5
15. Bb3 Bg4 16. Bc3 d4 17. Bxd4 Bxf3 18. gxf3 Qh4 19. Re1 Nxd4 20. Re4 Qxh2+
21. Kf1 Qh1# 0-1

[Event "Politiken Cup 2008"]
[Site "Helsingør DEN"]
[Date "2008.07.20"]
[Round "3.125"]
[White "Lindgaard, Jørn"]
[Black "Jensen, Mads"]
[Result "0-1"]
[WhiteElo "1337"]
[BlackElo "1833"]
[PlyCount "52"]
[EventDate "2008.07.20"]
[EventType "swiss"]
[EventRounds "9"]
[EventCountry "DEN"]
[Source "lmi"]
[SourceDate "2008.07.20"]
[WhiteTeam "Taastrup"]
[BlackTeam "Tjele"]

1. e4 g6 2. c3 Bg7 3. d4 d6 4. Nf3 Nc6 5. Bc4 Nf6 6. O-O Nxe4 7. Re1 d5 8. Bd3
Nf6 9. Nbd2 O-O 10. b3 Re8 11. Bb2 Nh5 12. c4 dxc4 13. Bxc4 Nxd4 14. Ne5 Be6
15. Bxd4 Qxd4 16. Re4 Qd6 17. Bxe6 fxe6 18. Nec4 Qd7 19. Rc1 Rad8 20. Qe2 b5
21. Rxe6 bxc4 22. Qxc4 Kh8 23. Nf3 Qd5 24. Qg4 Rd6 25. Ng5 Nf6 26. Qh3 Qxg5 0-1

[Event "Politiken Cup 2008"]
[Site "Helsingør DEN"]
[Date "2008.07.20"]
[Round "3.126"]
[White "Jacobsen, Mads-Holger"]
[Black "Madsen, Dennis"]
[Result "1-0"]
[WhiteElo "1831"]
[BlackElo "1518"]
[PlyCount "87"]
[EventDate "2008.07.20"]
[EventType "swiss"]
[EventRounds "9"]
[EventCountry "DEN"]
[Source "lmi"]
[SourceDate "2008.07.20"]
[WhiteTeam "K41"]
[BlackTeam "Helsingør"]

1. d4 g6 2. c4 Bg7 3. Nc3 d6 4. e4 f5 5. Nf3 Nc6 6. Be3 fxe4 7. Nxe4 Nf6 8.
Nxf6+ Bxf6 9. Be2 Bf5 10. a3 e5 11. d5 Ne7 12. O-O h6 13. Ne1 c5 14. Qd2 Qd7
15. Bxh6 O-O-O 16. Be3 e4 17. f3 Be5 18. f4 Bf6 19. Rb1 Bg4 20. Bxg4 Qxg4 21.
Nc2 Nf5 22. b4 Rh3 23. Qd1 Qxd1 24. Rfxd1 Rxe3 25. Nxe3 Nxe3 26. Re1 Nxc4 27.
Rbc1 Bd4+ 28. Kh1 Nd2 29. Rc2 e3 30. g3 b6 31. Kg2 Rf8 32. h4 Ne4 33. Kf3 Nf6
34. bxc5 bxc5 35. Rd1 Kd7 36. Rb1 Nxd5 37. Rb7+ Ke6 38. Rxa7 Nc3 39. Rc1 Rb8
40. Re1 Rb3 41. g4 Nb5 42. Rb7 e2+ 43. Kxe2 Nc3+ 44. Kd2+ 1-0

[Event "Politiken Cup 2008"]
[Site "Helsingør DEN"]
[Date "2008.07.20"]
[Round "3.127"]
[White "Edvardsson, Hannu Kalero"]
[Black "Andersen, Guttorm"]
[Result "0-1"]
[WhiteElo "1300"]
[BlackElo "1830"]
[PlyCount "94"]
[EventDate "2008.07.20"]
[EventType "swiss"]
[EventRounds "9"]
[EventCountry "DEN"]
[Source "lmi"]
[SourceDate "2008.07.20"]
[BlackTeam "SK Stjernen"]

1. e4 d5 2. exd5 Qxd5 3. Nf3 e5 4. Nc3 Qa5 5. Be2 Be6 6. O-O c6 7. d4 Nd7 8.
Nxe5 Nxe5 9. dxe5 Qxe5 10. Bg4 Bd6 11. g3 O-O-O 12. Bxe6+ Qxe6 13. Qe1 Qg6 14.
Qe4 f5 15. Qa4 Bc5 16. Bf4 Nf6 17. Qa5 Bb6 18. Qe5 Nd7 19. Qe2 Rhe8 20. Qc4 Ne5
21. Bxe5 Rxe5 22. Qf4 Qe6 23. Rad1 Rxd1 24. Rxd1 Bc7 25. Kg2 Qe7 26. Qc4 Re6
27. Qa4 Bb6 28. Qc4 Bc7 29. Qa4 a6 30. Qd4 Rd6 31. Qa7 Rxd1 32. Nxd1 Qe4+ 33.
f3 Qxc2+ 34. Nf2 Qxb2 35. Qe3 Bb6 36. Qe8+ Kc7 37. Qe7+ Kb8 38. Qe1 Qxf2+ 39.
Qxf2 Bxf2 40. Kxf2 Kc7 41. Ke3 Kd6 42. Kf4 Ke6 43. g4 fxg4 44. fxg4 b5 45. Ke4
c5 46. h3 g5 47. Kd3 Ke5 0-1

[Event "Politiken Cup 2008"]
[Site "Helsingør DEN"]
[Date "2008.07.20"]
[Round "3.128"]
[White "Ryberg, Denis"]
[Black "Radovic, Slobodan"]
[Result "1/2-1/2"]
[WhiteElo "1814"]
[BlackElo "1439"]
[PlyCount "124"]
[EventDate "2008.07.20"]
[EventType "swiss"]
[EventRounds "9"]
[EventCountry "DEN"]
[Source "lmi"]
[SourceDate "2008.07.20"]
[WhiteTeam "Taastrup"]
[BlackTeam "Holbæk"]

1. e4 c5 2. Nf3 d6 3. d4 cxd4 4. Nxd4 Nf6 5. Nc3 a6 6. Be3 e6 7. f3 Nc6 8. Bc4
Be7 9. O-O O-O 10. Qe1 Nxd4 11. Bxd4 b5 12. Bb3 b4 13. Ne2 a5 14. c3 a4 15. Bc2
bxc3 16. Nxc3 a3 17. b3 Ba6 18. Rf2 Qa5 19. Qd2 e5 20. Be3 Rfc8 21. Nd5 Qxd2
22. Nxe7+ Kf8 23. Ng6+ hxg6 24. Rxd2 Ne8 25. Bd3 Rc3 26. Bxa6 Rxa6 27. Kf2 Rac6
28. Rad1 Ke7 29. b4 Nc7 30. Rd3 Rxd3 31. Rxd3 Rc2+ 32. Rd2 Rb2 33. Ke2 Rxb4 34.
Rc2 Rb2 35. Kd3 Rxc2 36. Kxc2 Kd7 37. Kb3 Nb5 38. Ka4 Kc6 39. Bc1 f5 40. Bxa3
fxe4 41. fxe4 Nc3+ 42. Kb3 Nxe4 43. Bc1 d5 44. a4 Nc5+ 45. Ka3 Nd3 46. Bd2 e4
47. Kb3 Nc5+ 48. Kc3 Nxa4+ 49. Kd4 Nc5 50. Be3 Nd7 51. h3 Kd6 52. g4 Ke6 53.
Bf4 Nf6 54. Be3 Nh7 55. Bf4 g5 56. Be3 g6 57. Bd2 Kd6 58. Bb4+ Ke6 59. Bd2 Nf6
60. Bxg5 Nd7 61. Bf4 Nb6 62. h4 Nd7 1/2-1/2

[Event "Politiken Cup 2008"]
[Site "Helsingør DEN"]
[Date "2008.07.20"]
[Round "3.129"]
[White "Jessen, Ernst J"]
[Black "Meldal, Peter"]
[Result "1-0"]
[WhiteElo "1810"]
[BlackElo "1373"]
[PlyCount "109"]
[EventDate "2008.07.20"]
[EventType "swiss"]
[EventRounds "9"]
[EventCountry "DEN"]
[Source "lmi"]
[SourceDate "2008.07.20"]
[WhiteTeam "Gråsten"]
[BlackTeam "Taastrup"]

1. e4 c5 2. Bc4 e6 3. Nf3 d6 4. O-O Nf6 5. Re1 Nc6 6. d3 a6 7. a3 Be7 8. Bg5
O-O 9. Nbd2 b5 10. Ba2 Bd7 11. Nf1 a5 12. b3 Qc7 13. Bh4 b4 14. a4 Rac8 15. Ne3
e5 16. Rc1 Nd8 17. c4 bxc3 18. Rxc3 Qb7 19. Nd2 Be6 20. Nec4 d5 21. Nxe5 dxe4
22. dxe4 Qb8 23. Bg3 Bd6 24. Nec4 Bxg3 25. Rxg3 Bxc4 26. Nxc4 Qb4 27. Qd2 Nc6
28. Qxb4 cxb4 29. Rd3 Rfd8 30. Red1 Rxd3 31. Rxd3 Nxe4 32. Bb1 Nc3 33. Bc2 Re8
34. Re3 Kf8 35. Bd3 Rxe3 36. fxe3 f6 37. Bxh7 Kf7 38. Bc2 Ke6 39. Kf2 Kd5 40.
Bh7 Ne4+ 41. Ke2 Nd6 42. Bg8+ Kc5 43. Nd2 Ne5 44. Be6 Kb6 45. h3 Nb7 46. Bg8
Kc5 47. Ne4+ Kb6 48. Bd5 Nc5 49. Nd6 Kc7 50. Ne8+ Kd7 51. Nxg7 Kd6 52. Bg8 Ned3
53. Kd2 Ke5 54. h4 Ke4 55. Bh7+ 1-0

[Event "Politiken Cup 2008"]
[Site "Helsingør DEN"]
[Date "2008.07.20"]
[Round "3.130"]
[White "Gill, Wiliam Desmond"]
[Black "Johansen, Bjørn Berg"]
[Result "0-1"]
[WhiteElo "1800"]
[BlackElo "1290"]
[PlyCount "82"]
[EventDate "2008.07.20"]
[EventType "swiss"]
[EventRounds "9"]
[EventCountry "DEN"]
[Source "lmi"]
[SourceDate "2008.07.20"]
[BlackTeam "Fredriksstad"]

1. Nf3 d5 2. d4 Bf5 3. c4 Nf6 4. Nc3 e6 5. Bg5 Be7 6. Qb3 b6 7. cxd5 exd5 8. e3
c6 9. Be2 O-O 10. O-O Qc7 11. Rac1 Nbd7 12. h3 h6 13. Bh4 Qd8 14. Bg3 Rc8 15.
Ba6 Ne4 16. Nxe4 dxe4 17. Nd2 c5 18. Bxc8 Qxc8 19. a4 Be6 20. Qd1 Qb7 21. b3
Nf6 22. Nc4 Nd5 23. Bd6 Nb4 24. Bxe7 Qxe7 25. Ne5 Qg5 26. Kh1 f6 27. Nc4 Qh4
28. Kh2 g5 29. g4 h5 30. Kg2 hxg4 31. Rh1 gxh3+ 32. Kf1 Bg4 33. Qd2 h2 34. dxc5
Qh3+ 35. Ke1 Nd3+ 36. Qxd3 exd3 37. Kd2 Bf5 38. c6 Qf3 39. c7 Qe2+ 40. Kc3 Be4
41. c8=Q Rxc8 0-1

[Event "Politiken Cup 2008"]
[Site "Helsingør DEN"]
[Date "2008.07.20"]
[Round "3.131"]
[White "Kristensen, Steffen Michael"]
[Black "Asmund, Erik"]
[Result "1/2-1/2"]
[WhiteElo "1238"]
[BlackElo "1779"]
[PlyCount "93"]
[EventDate "2008.07.20"]
[EventType "swiss"]
[EventRounds "9"]
[EventCountry "DEN"]
[Source "lmi"]
[SourceDate "2008.07.20"]
[WhiteTeam "Odysseus"]
[BlackTeam "Gråsten"]

1. Nf3 d5 2. d4 Nc6 3. g3 Bg4 4. Bg2 e6 5. O-O h6 6. Nc3 a6 7. a3 Bd6 8. Re1
Nf6 9. Rb1 O-O 10. Bd2 Rb8 11. b4 Bxf3 12. exf3 b5 13. Be3 Re8 14. f4 Ne7 15.
Ne2 Nf5 16. c3 h5 17. Nc1 g6 18. Nd3 Kg7 19. Ne5 Bxe5 20. fxe5 Nh7 21. Qc1 g5
22. Bf1 Nxe3 23. Qxe3 g4 24. Bd3 Ng5 25. Kg2 Rh8 26. Rh1 Nh3 27. f4 Rh6 28. f5
exf5 29. Bxf5 Qg5 30. Qxg5+ Nxg5 31. h4 gxh3+ 32. Bxh3 Rbh8 33. Bf5 h4 34. gxh4
Rxh4 35. Rxh4 Rxh4 36. Rh1 Rxh1 37. Kxh1 Ne4 38. Bxe4 dxe4 39. Kg2 Kg6 40. Kf2
Kg5 41. Kg3 Kf5 42. Kf2 Kf4 43. Ke2 e3 44. Kf1 Kg4 45. Ke2 Kf4 46. Kf1 Kf5 47.
Ke2 1/2-1/2

[Event "Politiken Cup 2008"]
[Site "Helsingør DEN"]
[Date "2008.07.20"]
[Round "3.132"]
[White "Larsen, Finn"]
[Black "Arup, Niels"]
[Result "1-0"]
[WhiteElo "1776"]
[BlackElo "1220"]
[PlyCount "57"]
[EventDate "2008.07.20"]
[EventType "swiss"]
[EventRounds "9"]
[EventCountry "DEN"]
[Source "lmi"]
[SourceDate "2008.07.20"]
[WhiteTeam "Frederikssund"]
[BlackTeam "BMS"]

1. e4 c5 2. Nf3 d6 3. d4 cxd4 4. Nxd4 Nf6 5. Nc3 Nc6 6. Be2 e6 7. O-O Be7 8.
Be3 O-O 9. Qd2 Qc7 10. Ndb5 Qd7 11. Rad1 Rd8 12. Qc1 a6 13. Nd4 b5 14. Nxc6
Qxc6 15. Bf3 e5 16. h3 Bb7 17. Bg5 Qc5 18. Rfe1 Rac8 19. Be3 Qc7 20. a3 Qb8 21.
Bb6 Re8 22. Qd2 Rc6 23. Be3 Qc7 24. Rc1 Rc8 25. Be2 Qd8 26. Bd3 d5 27. exd5
Nxd5 28. Nxd5 Qxd5 29. Bxh7+ 1-0